Catálogo
 En Linea

Testigo de una crisis ... diez años después / (Registro nro. 56413)

Detalles MARC
000 -CABECERA
campo de control de longitud fija 01776nam a2200301 i 4500
003 - IDENTIFICADOR DEL NÚMERO DE CONTROL
campo de control DO-SdBNP
005 - FECHA Y HORA DE LA ÚLTIMA TRANSACCIÓN
campo de control 20240415143840.0
006 - CÓDIGOS DE INFORMACIÓN DE LONGITUD FIJA--CARACTERÍSTICAS DEL MATERIAL ADICIONAL
campo de control de longitud fija a||||gr|||| 00| 0
007 - CAMPO FIJO DE DESCRIPCIÓN FÍSICA--INFORMACIÓN GENERAL
campo de control de longitud fija ta
008 - DATOS DE LONGITUD FIJA--INFORMACIÓN GENERAL
campo de control de longitud fija 240415e1996 dr ahc|| |||| 00| e spa d
020 ## - NÚMERO INTERNACIONAL ESTÁNDAR DEL LIBRO
Número Internacional Estándar del Libro 8484002055
040 ## - FUENTE DE LA CATALOGACIÓN
Centro catalogador/agencia de origen DO-SdBNP
Lengua de catalogación spa
Centro/agencia transcriptor BNPHU
Normas de descripción rda
082 #4 - NÚMERO DE LA CLASIFICACIÓN DECIMAL DEWEY
Número de edición 22
Número de clasificación 324.97293
Número de documento/Ítem N964t
100 1# - ENTRADA PRINCIPAL--NOMBRE DE PERSONA
Nombre de persona Núñez Collado, Agripino
Fechas asociadas al nombre 1933-2022
9 (RLIN) 8457
Término indicativo de función/relación autor
245 10 - MENCIÓN DE TÍTULO
Título Testigo de una crisis ... diez años después /
Mención de responsabilidad, etc. Monseñor Agripino Núñez Collado; Cuidado edición, Angel Peña
264 #4 - PRODUCCIÓN, PUBLICACIÓN, DISTRIBUCIÓN, FABRICACIÓN Y COPYRIGHT
Producción, publicación, distribución, fabricación y copyright Santo Domingo :
Nombre del de productor, editor, distribuidor, fabricante PUCMM,
Fecha de producción, publicación, distribución, fabricación o copyright ©1996.
300 ## - DESCRIPCIÓN FÍSICA
Extensión 220 páginas :
Otras características físicas Ilustraciones, facsímil, retratos ;
Dimensiones 23 cm.
336 ## - TIPO DE CONTENIDO
Fuente rdacontent
Término de tipo de contenido texto
Código de tipo de contenido txt
337 ## - TIPO DE MEDIO
Fuente rdamedia
Nombre/término del tipo de medio sin mediación
Código del tipo de medio n
338 ## - TIPO DE SOPORTE
Fuente rdacarrier
Nombre/término del tipo de soporte volumen
Código del tipo de soporte nc
490 ## - MENCIÓN DE SERIE
Mención de serie Documentos
500 ## - NOTA GENERAL
Nota general Incluye datos biográficos del autor en la solapa de las cubiertas.
500 ## - NOTA GENERAL
Nota general ncluye índice Onomástico.
505 ## - NOTA DE CONTENIDO CON FORMATO
Nota de contenido con formato Presentación por su Eminencia Reverendísima Nicolás de Jesús Cardenal López Rodríguez.
Título Mi propósito.-- Antecedentes.-- Reunión en la casa del Arzobispo.-- Apoyo Público.-- Decreto 383-86.-- La Iglesia y la sociedad Civil.-- Inicio de los Trabajos.-- La Junta Central Electoral.--Quejas de los Partidos.-- Las Alianzas.-- Vísperas del 16 de Mayo.-- Los Candidatos.-- El 16 de Mayo.-- Inicio del Conteo de los Votos.-- "El Pueblo Dominicano ha hablado".-- "La Noche Rondón".-- Entrevista con Jacobo Majluta.-- Entrevista con Jorge Blanco.-- Resultados Finales.--
-- Boletín 27.-- La Actitud de Jacobo Majluta.-- Espistolario de Majluta.-- El Presidente del Senado.-- Conclusiones.-- Cronología.-- Anexos.-- Índice Onomástico.
590 ## - NOTA LOCAL (RLIN)
Nota local Inventariado 2024 / MF
700 1# - PUNTO DE ACCESO ADICIONAL--NOMBRE DE PERSONA
Nombre de persona Peña, Angel,
9 (RLIN) 73886
Término indicativo de función/relación editor
942 ## - ELEMENTOS DE PUNTO DE ACCESO ADICIONAL (KOHA)
Fuente del sistema de clasificación o colocación Dewey Decimal Classification
Tipo de ítem Koha Libro
Existencias
Estado de retiro Estado de pérdida Fuente del sistema de clasificación o colocación Restricciones de uso No para préstamo Código de colección Localización permanente Ubicación/localización actual Ubicación en estantería Fecha de adquisición Fuente de adquisición Total de préstamos Signatura topográfica completa Código de barras Fecha visto por última vez Precio válido a partir de Tipo de ítem Koha Número de copia
    Dewey Decimal Classification Excluido de préstamo   Patrimonio Dominicano Biblioteca Nacional Pedro Henríquez Ureña Biblioteca Nacional Pedro Henríquez Ureña En catalogación 15.04.2015 Donado por Laura Pujols   324.97293 N964t 2024-2261 15.04.2024 15.04.2024 Libro  
    Dewey Decimal Classification Excluido de préstamo   Patrimonio Dominicano Biblioteca Nacional Pedro Henríquez Ureña Biblioteca Nacional Pedro Henríquez Ureña En catalogación 05.09.2025 donación   BNPHU PD 324.97293 N964t 2025-9733 05.09.2025 05.09.2025 Libro e.2

Con tecnología Koha